000 01289naa a22003137a 4500
001 BR0104264
003 BR-BrBNA
005 20240918181926.0
007 ta
008 230509b bl.||||| |||| 00| 0 por d
040 _aBR-BrBNA
_bpor
_cBiblioteca Nacional de Agricultura
041 _a(Pt)
072 _aE14
_b2110
090 _aE14 BR0104264
100 1 _aAlmeida, F.A. de
100 1 _aMascarenhas, G.C.C.
100 1 _aMidlej, R.R.
245 1 _aEstudo da cadeia agroindustrial do cacau
260 3 _aBrasilia, DF (Brasil):
_c2001.
500 _aVieira, R. de C.M.T.; Teixeira Filho, A.R.; Oliveira, A.J. de; Lopes, M.R.(eds.) Cadeias produtivas no Brasil; analise da competitividade Brasilia, DF (Brasil): 2001. p. 109-135 (BR0104264-AM)E14
650 _aCacau
650 _aCadeia Produtiva
650 _aIndustria Agricola
650 _aComercializacao
650 _aMercado
773 0 _tCadeias produtivas no Brasil; analise da competitividade
_aVieira, R. de C.M.T.; Teixeira Filho, A.R.; Oliveira, A.J. de; Lopes, M.R.(eds.). Empresa Brasileira de Pesquisa Agropecuaria, Brasilia, DF (Brasil). Secretaria de Administracao Estrategica
_wE14 BR0104264
_gBrasilia, DF (Brasil), 2001. p. 109-135
909 _a202404
_bLucia
_c55
_dLucia Elande
942 _cAM
_2AGRIS
999 _c327528
_d327528